ბათუმის შოთა რუსთაველის სახელმწიფო უნივერსიტეტის ბიბლიოთეკა

Прикладные задачи на экстремумы. (ბიბ.ჩანაწერი № 38767)

000 -LEADER
fixed length control field 00695nam a2200217Ia 4500
001 - CONTROL NUMBER
control field 5111
003 - CONTROL NUMBER IDENTIFIER
control field GE_BSU
008 - FIXED-LENGTH DATA ELEMENTS--GENERAL INFORMATION
fixed length control field 181216s||||||||xx |||||||||||||| ||und||
040 ## - CATALOGING SOURCE
Transcribing agency GE_BSU
080 ## - UNIVERSAL DECIMAL CLASSIFICATION NUMBER
Universal Decimal Classification number 51(075.3)
100 ## - MAIN ENTRY--PERSONAL NAME
Personal name Возняк, Г.М. Гусев, В.А.
245 ## - TITLE STATEMENT
Title Прикладные задачи на экстремумы.
245 ## - TITLE STATEMENT
Remainder of title в курсе математики 4-8 классов. книга для учителя
245 ## - TITLE STATEMENT
Statement of responsibility, etc. Ред. Г.С. Уманский.
260 ## - PUBLICATION, DISTRIBUTION, ETC.
Place of publication, distribution, etc. Москва
260 ## - PUBLICATION, DISTRIBUTION, ETC.
Name of publisher, distributor, etc. Просвещение
260 ## - PUBLICATION, DISTRIBUTION, ETC.
Date of publication, distribution, etc. 1985
300 ## - PHYSICAL DESCRIPTION
Extent 143с. 22см.
653 ## - INDEX TERM--UNCONTROLLED
Uncontrolled term Прикладные задачи на экстремумы.
942 ## - ADDED ENTRY ELEMENTS (KOHA)
Koha item type წიგნი
ეგზემპლარები
Withdrawn status Lost status Damaged status Not for loan Date acquired Barcode Date last seen Price effective from Koha item type Public note
        2018-12-17 16040 2018-12-17 2018-12-17 წიგნი დარბაზი